| 000 | 00611nam a22001937a 4500 | ||
|---|---|---|---|
| 005 | 20251108164720.0 | ||
| 008 | 250721s1991 xx 000 0 ara d | ||
| 082 | 1 | 4 | _a614.71/جري |
| 100 | 1 | _aجريبين، جون | |
| 245 | 1 | 0 |
_aثقب الأوزون : _bتهديد الإنسان لطبقة الأوزون / |
| 264 | 1 |
_aالقاهره : _bمركز النشر لجامعة القاهره، _c1991. |
|
| 300 | _a139ص | ||
| 650 | 1 | 7 | _aالصحة العامة |
| 650 | 1 | 7 | _aالبيئة |
| 650 | 1 | 7 | _aالتلوث |
| 700 | 1 |
_aمستجير، أحمد _eترجمة |
|
| 942 |
_2ddc _cBK |
||
| 999 |
_c12572 _d12572 |
||